000 00545cab a2200217 4500
001 X2092
008 090401t1995 xxu||||| |||| 00| 0 eng d
035 _a(Sirsi) u21721
041 _aeng
100 _aWhittaker, R.
245 _aDigging deep for hidden tax savings
260 _c1995
350 _a0
490 _aCSM (Chartered Surveyor Monthly)
_v4(5) March 1995, 44-45(2)
650 _aCAPITAL ALLOWANCES
650 _aPLANT AND MACHINERY
650 _aTAX LIABILITY
690 _aTAXATION
942 _n0
948 _c04/03/1997
999 _c14565
_d14565